| 000 | 00527nam a2200193Ia 4500 | ||
|---|---|---|---|
| 003 | GCL | ||
| 008 | 140319s9999 xx 000 0 eng d | ||
| 040 |
_aGCL / _cGCL |
||
| 082 | 0 | 4 |
_a519.5077 _bB S |
| 100 | 1 | _aBROWN,FOSTER LIOYD | |
| 245 | 1 | 0 |
_aSTATISTICAL CONCEPTS / _cBROWN,FOSTER LIOYD |
| 700 | 1 | _aAMOS, JIMMY | |
| 700 | 1 | _aMINK, OSCAR | |
| 260 |
_a[S.N] : _bHARPER COLLINS COLLEGE PUBLISBERS ، _c1995 |
||
| 300 | _a192P | ||
| 650 | 0 | 4 | _aPROGRAMMED INSTRUCTION |
| 650 | 0 | 4 | _aMATHEMATICAL STATISTICS |
| 942 |
_2ddc _cBK |
||
| 999 |
_c10994 _d10994 |
||